Risk management and analysis : (Registro nro. 8054)

Detalles MARC
000 -LEADER
fixed length control field 01481nam a2200253Ia 4500
003 - CONTROL NUMBER IDENTIFIER
control field OSt
005 - DATE AND TIME OF LATEST TRANSACTION
control field 20210706125043.0
008 - FIXED-LENGTH DATA ELEMENTS--GENERAL INFORMATION
fixed length control field 210310s1998 enkad gr 000 0 eng d
020 ## - INTERNATIONAL STANDARD BOOK NUMBER
International Standard Book Number 0471979570
040 ## - CATALOGING SOURCE
Original cataloging agency CO-JMCR
Transcribing agency CO-JMCR
041 0# - LANGUAGE CODE
Language code of text/sound track or separate title eng
082 04 - DEWEY DECIMAL CLASSIFICATION NUMBER
Classification number 332.645 /
Item number A374r
Edition number 23
100 1# - MAIN ENTRY--PERSONAL NAME
Personal name Alexander, Carol,
9 (RLIN) 16203
Relator term editor
245 10 - TITLE STATEMENT
Title Risk management and analysis :
Remainder of title measuring and modelling financial risk /
Statement of responsibility, etc. Carol Alexander
260 ## - PUBLICATION, DISTRIBUTION, ETC.
Place of publication, distribution, etc. Chichester :
Name of publisher, distributor, etc. John Wiley & Sons,
Date of publication, distribution, etc. 1998
300 ## - PHYSICAL DESCRIPTION
Extent ix, 281 páginas :
Other physical details ilustraciones y gráficas a blanco y negro ;
Dimensions 27 cm.
505 0# - FORMATTED CONTENTS NOTE
Formatted contents note The New 1998 regulatory framework for capital adequacy: "standarzized approach" versus "Internal Models", Michel Crouhy, Dan Galai, and Robert Mark -- A survey of Risk Measurement theory and practice, stan Beckers -- Value at Risk, Thomas C. Wilson -- Volatility and correlation: measurement, models and applications, Carol Alexander -- Simulation for option pricing and risk management, mark broadie and Paul Glasserman -- An introduction to the technology of risk, Nigel Webb -- Mark-to-future: A consistent firm-wide paradigm for measuring risk and return, Ron S. Dembo -- Credit risk, Robert Jarrow and stuart turnbull -- Credit enhancement, Lee Wakeman
650 14 - SUBJECT ADDED ENTRY--TOPICAL TERM
Topical term or geographic name entry element Gestión de riesgos
9 (RLIN) 16205
650 24 - SUBJECT ADDED ENTRY--TOPICAL TERM
Topical term or geographic name entry element Capital bancario
9 (RLIN) 38381
650 24 - SUBJECT ADDED ENTRY--TOPICAL TERM
Topical term or geographic name entry element Futuros financieros
9 (RLIN) 38382
650 24 - SUBJECT ADDED ENTRY--TOPICAL TERM
Topical term or geographic name entry element Mercado capital
9 (RLIN) 38383
650 24 - SUBJECT ADDED ENTRY--TOPICAL TERM
Topical term or geographic name entry element Países en desarrollo
9 (RLIN) 2059
942 ## - ADDED ENTRY ELEMENTS (KOHA)
Source of classification or shelving scheme Dewey Decimal Classification
Koha item type Books
Existencias
Withdrawn status Lost status Source of classification or shelving scheme Damaged status Not for loan Collection code Home library Current library Date acquired Source of acquisition Total Checkouts Full call number Barcode Date last seen Date last checked out Copy number Koha item type
    Dewey Decimal Classification     Non-fiction Biblioteca Pública José María del Castillo y Rada Biblioteca Pública José María del Castillo y Rada 04/15/2018 Donación 4 332.645 / A374r 430002925 06/07/2024 06/07/2024 V.1 / Ej.1 Books